000 00350 a2200157 4500
001 71880
020 _a858564222X
040 _cAnchieta - Colégio São Paulo
100 _aWood, Jakki
240 1 0 _aExplorando o céu
_lpor
245 1 0 _aExplorando o céu
300 _a29
362 0 _a1994
650 4 _aLiteratura infanto-juvenil
942 _cBK
999 _c71880
_d71880